000 00404nam a22001457a 4500
999 _c193628
_d193628
008 221107b ||||| |||| 00| 0 eng d
082 _a627.0954-BHA
100 _a BHARTI ,RADHNA KANT
245 _aMODERN TEMPLES OF INDIA
_hENGLISH
260 _a NEW DELHI
_bA.I.C.B
_cROHINI
270 _aA.I.C.B ,ROHINI NEW DELHI
300 _a.
_b.
_c12X13
490 _v1-3
942 _2ddc
_cBRLEN
_k627.0954
_mBHA